Kocharethi : (Record no. 61044)
[ view plain ]
| 000 -LEADER | |
|---|---|
| fixed length control field | 00923nam a22002537a 4500 |
| 005 - DATE AND TIME OF LATEST TRANSACTION | |
| control field | 20130321120149.0 |
| 010 ## - LCCN (DPL NO) | |
| LC control number | ENG-104750 |
| 020 ## - INTERNATIONAL STANDARD BOOK NUMBER | |
| International Standard Book Number | 9780198079880 |
| Terms of availability | 295.00 |
| 020 ## - INTERNATIONAL STANDARD BOOK NUMBER | |
| International Standard Book Number | 0198079885 |
| Terms of availability | 295.00 |
| 035 ## - SYSTEM CONTROL NUMBER | |
| System control number | EN-88283 |
| 035 ## - SYSTEM CONTROL NUMBER | |
| System control number | B-491291-299 |
| 037 ## - SOURCE OF ACQUISITION | |
| Source of stock number/acquisition | DBAD/PUB |
| 037 ## - SOURCE OF ACQUISITION | |
| Source of stock number/acquisition | Mallika Boks/Ven |
| 082 ## - DEWEY DECIMAL CLASSIFICATION NUMBER | |
| Classification number | N |
| 100 ## - MAIN ENTRY--PERSONAL NAME | |
| Personal name | Narayan |
| 245 ## - TITLE STATEMENT | |
| Title | Kocharethi : |
| Remainder of title | the Araya woman / |
| Statement of responsibility, etc | by Narayan ; translated from Malyalam by Catherine Thankamma with an introduction by G.S. Jayasree; illustrated by Sudheesh P.S. |
| 260 ## - PUBLICATION, DISTRIBUTION, ETC. (IMPRINT) | |
| Place of publication, distribution, etc | New Delhi |
| Name of publisher, distributor, etc | Oxford University Press |
| Date of publication, distribution, etc | 2012 |
| 270 ## - ADDRESS | |
| Address | YMCA Library Building, 1 Jai Singh Road |
| City | New Delhi |
| Postal code | 110001 |
| 300 ## - PHYSICAL DESCRIPTION | |
| Extent | xxx,221p. |
| Dimensions | 23cm(pbk) |
| 700 ## - ADDED ENTRY--PERSONAL NAME | |
| Personal name | Thankamma, Catherine |
| 9 (RLIN) | 39364 |
| 700 ## - ADDED ENTRY--PERSONAL NAME | |
| Personal name | Sudheesh, P.S. |
| 9 (RLIN) | 39365 |
| 942 ## - ADDED ENTRY ELEMENTS (KOHA) | |
| Source of classification or shelving scheme | Dewey Decimal Classification |
| Item type | English Books |
| Call number suffix | NAR |
| Classification part | N |
| Withdrawn status | Lost status | Not for loan | Collection code | Home library | Current library | Date acquired | Source of acquisition | Cost, normal purchase price | Full call number | Barcode | Copy number | Cost, replacement price | Koha item type |
|---|---|---|---|---|---|---|---|---|---|---|---|---|---|
| Lost and Paid For | Fiction | Central Library | Central Library | 21/03/2013 | Mallika Books/68/10.01.2013/23/18.12.2012/18.01.2013 | 295.00 | N NAR | B-491291 | 1 | 295.00 | English Books | ||
| Not For Loan | Non-fiction | D.B.Act.Division | D.B.Act.Division | 17/01/2012 | DBAD/PUB | 295.00 | N NAR | EN-88283 | 1 | 295.00 | English Books | ||
| Fiction | Janak Puri | Janak Puri | 21/03/2013 | Mallika Books/68/10.01.2013/23/18.12.2012/18.01.2013 | 295.00 | N NAR | B-491296 | 1 | 295.00 | English Books | |||
| Fiction | Karol Bagh | Karol Bagh | 21/03/2013 | Mallika Books/68/10.01.2013/23/18.12.2012/18.01.2013 | 295.00 | N NAR | B-491299 | 1 | 295.00 | English Books | |||
| Fiction | Mobile Library | Mobile Library | 21/03/2013 | Mallika Books/68/10.01.2013/23/18.12.2012/18.01.2013 | 295.00 | N NAR | B-491292 | 2 | 295.00 | English Books | |||
| Fiction | Mobile Library | Mobile Library | 21/03/2013 | Mallika Books/68/10.01.2013/23/18.12.2012/18.01.2013 | 295.00 | N NAR | B-491293 | 2 | 295.00 | English Books | |||
| Fiction | New Police Line | New Police Line | 21/03/2013 | Mallika Books/68/10.01.2013/23/18.12.2012/18.01.2013 | 295.00 | N NAR | B-491294 | 1 | 295.00 | English Books | |||
| Fiction | Patel Nagar | Patel Nagar | 21/03/2013 | Mallika Books/68/10.01.2013/23/18.12.2012/18.01.2013 | 295.00 | N NAR | B-491295 | 1 | 295.00 | English Books | |||
| Fiction | Sarojini Nagar | Sarojini Nagar | 21/03/2013 | Mallika Books/68/10.01.2013/23/18.12.2012/18.01.2013 | 295.00 | N NAR | B-491297 | 1 | 295.00 | English Books | |||
| Fiction | Vinoba Puri | Vinoba Puri | 21/03/2013 | Mallika Books/68/10.01.2013/23/18.12.2012/18.01.2013 | 295.00 | N NAR | B-491298 | 1 | 295.00 | English Books |
